[Event "Montcalm II 2000-01"]
[Site "Quebec CAN"]
[Date "2000.11.02"]
[Round "3"]
[White "L'Heureux, Clement"]
[Black "Auger, Bertrand"]
[Result "1/2-1/2"]
[WhiteElo "1906"]
[BlackElo "1935"]
[PlyCount "138"]
[GameId "2160767911635869"]
[EventDate "2000.10.19"]
[EventType "swiss"]
[EventRounds "5"]
[EventCountry "CAN"]

1. e4 e6 2. d4 d5 3. exd5 exd5 4. Nf3 Bg4 5. Bd3 Bd6 6. O-O Ne7 7. c4 c6 8. Nc3 a6 9. Re1 Bc7 10. Qe2 Bxf3 11. Qxf3 O-O 12. Bg5 f6 13. Bh4 b5 14. c5 Nd7 15. b4 Re8 16. Bg3 Nf8 17. Bxc7 Qxc7 18. a4 Neg6 19. Rxe8 Rxe8 20. axb5 axb5 21. g3 Qf7 22. Ra6 Re1+ 23. Kg2 Ne7 24. Ra8 g5 25. Qg4 Kg7 26. Ne2 Ne6 27. Ra7 Kf8 28. Qh3 f5 29. Qh6+ Ke8 30. Ra8+ Kd7 31. Rh8 Qg6 32. Qxh7 Qxh7 33. Rxh7 Ke8 34. Rh8+ Kf7 35. Ra8 Rd1 36. Ra3 g4 37. f4 Rd2 38. Kf1 Rb2 39. Ke1 Rxb4 40. Kd2 Nxd4 41. Kc3 Nxe2+ 42. Kxb4 Nd4 43. Ra2 Nf3 44. Rf2 d4 45. h3 Ne1 46. Be2 gxh3 47. Rh2 Nd5+ 48. Kb3 Ne3 49. Rxh3 d3 50. Bh5+ Kf6 51. Kc3 Nc4 52. g4 fxg4 53. Bxg4 Kg7 54. Rh1 d2 55. Rh3 Kg6 56. Rh8 Ng2 57. Rc8 Nxf4 58. Rxc6+ Kg5 59. Bd1 Nd5+ 60. Kd4 Nde3 61. Be2 d1=Q+ 62. Bxd1 Nxd1 63. Rb6 Nde3 64. Rxb5 Kf5 65. c6+ Ke6 66. c7 Kd7 67. Rc5 Kc8 68. Ke4 Nd6+ 69. Kxe3 Ne8 1/2-1/2

[Event "Montcalm II 2000-01"]
[Site "Quebec CAN"]
[Date "2000.11.02"]
[Round "3"]
[White "Latulippe, Jacques"]
[Black "Malenfant, Eric"]
[Result "0-1"]
[WhiteElo "1230"]
[BlackElo "1393"]
[PlyCount "56"]
[GameId "2160767911635870"]
[EventDate "2000.10.19"]
[EventType "swiss"]
[EventRounds "5"]
[EventCountry "CAN"]

1. d4 d5 2. Nf3 Bg4 3. e3 Nf6 4. Be2 e6 5. O-O Be7 6. Nbd2 c6 7. Re1 O-O 8. Ne5 Bf5 9. Bf3 h6 10. b3 Bb4 11. c4 Bc3 12. Ba3 Re8 13. Rc1 Qa5 14. Rxc3 Qxc3 15. cxd5 cxd5 16. Nf1 Qa5 17. Qc1 Nbd7 18. Ng3 Rac8 19. Bc5 b6 20. Nxf5 bxc5 21. Nd6 cxd4 22. Nxc8 Nxe5 23. exd4 Nxf3+ 24. gxf3 Qa6 25. Nxa7 Qxa7 26. Qb2 Rb8 27. Rc1 Nd7 28. Rc3 Nb6 0-1

[Event "Montcalm II 2000-01"]
[Site "Quebec CAN"]
[Date "2000.11.02"]
[Round "3"]
[White "Lessard, Claude"]
[Black "Caire, Francois"]
[Result "1/2-1/2"]
[WhiteElo "1969"]
[BlackElo "1910"]
[PlyCount "61"]
[GameId "2160767911635872"]
[EventDate "2000.10.19"]
[EventType "swiss"]
[EventRounds "5"]
[EventCountry "CAN"]

1. d4 Nf6 2. c4 e6 3. Nf3 b6 4. a3 Bb7 5. Nc3 d5 6. Bg5 Be7 7. e3 O-O 8. Bxf6 Bxf6 9. cxd5 exd5 10. b4 c5 11. bxc5 bxc5 12. Rb1 Qd7 13. Qb3 cxd4 14. Qxb7 Qxb7 15. Rxb7 dxc3 16. Rc7 c2 17. Rxc2 Nd7 18. Rc7 Ne5 19. Nd4 Rfc8 20. Rxc8+ Rxc8 21. Be2 Nd3+ 22. Kd2 Nxf2 23. Rb1 g6 24. Bf3 Ne4+ 25. Bxe4 dxe4 26. Rb7 Bxd4 27. exd4 Rc4 28. Ke3 Rc3+ 29. Kxe4 Rxa3 30. Ke5 Kf8 31. Rb8+ 1/2-1/2

[Event "Montcalm II 2000-01"]
[Site "Quebec CAN"]
[Date "2000.11.02"]
[Round "3"]
[White "Martineau, Michel"]
[Black "Sauve, Richard"]
[Result "0-1"]
[WhiteElo "1866"]
[BlackElo "1848"]
[PlyCount "64"]
[GameId "2160767911635873"]
[EventDate "2000.10.19"]
[EventType "swiss"]
[EventRounds "5"]
[EventCountry "CAN"]

1. e4 e6 2. Qe2 c5 3. g3 Nc6 4. c3 Be7 5. Bg2 d6 6. f4 Nf6 7. Nf3 O-O 8. O-O Bd7 9. Na3 Rb8 10. Kh1 a6 11. Nc2 b5 12. d4 Qc7 13. Be3 Nxe4 14. Rad1 Nf6 15. dxc5 dxc5 16. Ng5 h6 17. Ne4 Nxe4 18. Bxe4 Rbd8 19. g4 Na5 20. Rxd7 Qxd7 21. g5 f5 22. gxf6 Rxf6 23. Rg1 Nc4 24. Qg4 Bf8 25. Bf2 Nd2 26. Bg6 Qd5+ 27. Rg2 Qf3 28. Ne3 Qxf4 29. Qh5 Ne4 30. Ng4 Nxf2+ 31. Nxf2 Rd5 32. Qh3 Rd1+ 0-1

[Event "Montcalm II 2000-01"]
[Site "Quebec CAN"]
[Date "2000.11.02"]
[Round "3"]
[White "Pescarus, Dana"]
[Black "Dumont, Eric"]
[Result "1-0"]
[WhiteElo "1629"]
[BlackElo "1590"]
[PlyCount "89"]
[GameId "2160767911635874"]
[EventDate "2000.10.19"]
[EventType "swiss"]
[EventRounds "5"]
[EventCountry "CAN"]

1. c4 c5 2. Nc3 Nc6 3. g3 g6 4. Bg2 Bg7 5. e3 d6 6. Nge2 Nf6 7. a3 O-O 8. O-O Rb8 9. Rb1 Ne5 10. d3 Be6 11. e4 a6 12. b4 cxb4 13. axb4 Qc8 14. Nf4 Bg4 15. f3 Bd7 16. Ncd5 Nxd5 17. Nxd5 Qd8 18. Be3 b6 19. Qb3 Be6 20. d4 Nc6 21. Qd3 Rb7 22. Rfd1 h6 23. f4 Bd7 24. e5 e6 25. b5 axb5 26. cxb5 exd5 27. Bxd5 Bf5 28. Qd2 Na5 29. Bxb7 Bxb1 30. Rxb1 Nxb7 31. Qg2 Qd7 32. Qc6 Qxc6 33. bxc6 Na5 34. d5 dxe5 35. Bxb6 Nxc6 36. dxc6 exf4 37. gxf4 Rc8 38. c7 Bf8 39. Rd1 Be7 40. Kg2 f5 41. Rd7 Bc5 42. Bxc5 Ra8 43. Rd8+ Rxd8 44. cxd8=Q+ Kf7 45. Qd5+ 1-0

[Event "Montcalm II 2000-01"]
[Site "Quebec CAN"]
[Date "2000.11.09"]
[Round "4"]
[White "Angers, Gilles"]
[Black "Drolet, Stephane"]
[Result "1-0"]
[WhiteElo "1975"]
[BlackElo "1969"]
[PlyCount "69"]
[GameId "2160767911635875"]
[EventDate "2000.10.19"]
[EventType "swiss"]
[EventRounds "5"]
[EventCountry "CAN"]

1. Nf3 Nc6 2. e4 d6 3. d4 Bg4 4. Be2 Nf6 5. Nc3 e6 6. Be3 d5 7. e5 Nd7 8. Nd2 Bxe2 9. Nxe2 Ncb8 10. O-O c5 11. c3 g6 12. Nf3 Nc6 13. Qd2 Qa5 14. dxc5 Bxc5 15. Bxc5 Qxc5 16. Qf4 Qb6 17. Ned4 O-O 18. Nxc6 bxc6 19. Qh6 Rfe8 20. Ng5 Nf8 21. Rae1 Qxb2 22. Re3 Qd2 23. Nxf7 Re7 24. Ng5 Qxa2 25. h4 Qc4 26. h5 Qf4 27. Rfe1 Rae8 28. Rf3 Qd2 29. Ree3 Rg7 30. hxg6 Nxg6 31. Kh2 a5 32. Rf6 Nf8 33. Nxe6 Rxe6 34. Rxf8+ Kxf8 35. Rf3+ 1-0

[Event "Montcalm II 2000-01"]
[Site "Quebec CAN"]
[Date "2000.11.09"]
[Round "4"]
[White "Bourassa, Andre"]
[Black "Dumont, Eric"]
[Result "0-1"]
[WhiteElo "1580"]
[BlackElo "1590"]
[PlyCount "84"]
[GameId "2160767911635876"]
[EventDate "2000.10.19"]
[EventType "swiss"]
[EventRounds "5"]
[EventCountry "CAN"]

1. d4 f5 2. c4 Nf6 3. Nc3 e6 4. Nf3 Be7 5. g3 O-O 6. Bg2 c6 7. O-O d5 8. cxd5 exd5 9. Ne5 Nbd7 10. Bf4 Nxe5 11. Bxe5 Be6 12. Qb3 Qd7 13. Rac1 Rac8 14. e3 Ne4 15. Qc2 Bf6 16. Bxf6 Rxf6 17. Ne2 Qd6 18. Nf4 g5 19. Nd3 g4 20. Ne5 Rh6 21. f3 Ng5 22. fxg4 fxg4 23. Qe2 Nh3+ 24. Kh1 Ng5 25. Nxg4 Rg6 26. Ne5 Rg7 27. Rf6 Rf8 28. Rcf1 Rxf6 29. Rxf6 Ne4 30. Rf4 Ng5 31. Ng4 Bxg4 32. Qxg4 Ne6 33. Qf3 Nxf4 34. exf4 Re7 35. Bf1 Qe6 36. Bd3 Qh3 37. Kg1 Re1+ 38. Kf2 Rc1 39. Qe3 Qxh2+ 40. Kf3 Qh1+ 41. Kg4 Re1 42. Qd2 Re7 0-1

[Event "Montcalm II 2000-01"]
[Site "Quebec CAN"]
[Date "2000.11.09"]
[Round "4"]
[White "Caire, Francois"]
[Black "Marquis, Paul"]
[Result "0-1"]
[WhiteElo "1910"]
[BlackElo "1841"]
[PlyCount "26"]
[GameId "2160767911635877"]
[EventDate "2000.10.19"]
[EventType "swiss"]
[EventRounds "5"]
[EventCountry "CAN"]

1. Nf3 g6 2. g3 Bg7 3. Bg2 d6 4. O-O e5 5. d3 Nf6 6. e4 Bg4 7. h3 Bxf3 8. Qxf3 Nbd7 9. Be3 c6 10. Nc3 O-O 11. Qe2 Ne8 12. f4 exf4 13. Bxf4 Qb6+ 0-1

[Event "Montcalm II 2000-01"]
[Site "Quebec CAN"]
[Date "2000.11.09"]
[Round "4"]
[White "Fecteau, Martin"]
[Black "Auger, Bertrand"]
[Result "1-0"]
[WhiteElo "1969"]
[BlackElo "1935"]
[PlyCount "111"]
[GameId "2160767911635878"]
[EventDate "2000.10.19"]
[EventType "swiss"]
[EventRounds "5"]
[EventCountry "CAN"]

1. d4 e6 2. c4 Nf6 3. Nc3 Bb4 4. e3 O-O 5. Bd3 d5 6. Nf3 c5 7. O-O cxd4 8. exd4 b6 9. Bg5 Bb7 10. cxd5 Bxc3 11. bxc3 exd5 12. Qc2 h6 13. Bh4 Nbd7 14. Bh7+ Kh8 15. Ne5 g5 16. Nxd7 Qxd7 17. Bf5 Qc6 18. Bg3 Ne4 19. Rac1 Bc8 20. Bxe4 dxe4 21. c4 f5 22. Be5+ Kh7 23. d5 Qg6 24. Rfe1 Re8 25. Bb2 Bd7 26. Qc3 h5 27. c5 bxc5 28. Qxc5 a6 29. Qc7 Qf7 30. Qd6 Rac8 31. Rcd1 Rg8 32. Qxa6 Ra8 33. Qc4 Rgc8 34. Qd4 Rxa2 35. Ra1 Rca8 36. Rac1 R2a4 37. Qe5 R4a5 38. Red1 Re8 39. Qd4 Ra4 40. Qb6 Rc8 41. Rxc8 Bxc8 42. Qd8 Bd7 43. Qxg5 Ra5 44. Qd8 Rb5 45. Qh8+ Kg6 46. h4 f4 47. Qe5 e3 48. fxe3 Bg4 49. Rd2 fxe3 50. Qxe3 Rxd5 51. Qe4+ Rf5 52. Rd6+ Kh7 53. Qd3 Qa7+ 54. Kh2 Qb8 55. Be5 Qb5 56. Qxb5 1-0

[Event "Montcalm II 2000-01"]
[Site "Quebec CAN"]
[Date "2000.11.09"]
[Round "4"]
[White "Genest, Dominic"]
[Black "Gratton, Charles"]
[Result "0-1"]
[WhiteElo "1266"]
[BlackElo "1234"]
[PlyCount "42"]
[GameId "2160767911635879"]
[EventDate "2000.10.19"]
[EventType "swiss"]
[EventRounds "5"]
[EventCountry "CAN"]

1. e4 e5 2. Nf3 Nc6 3. Bb5 Nf6 4. O-O a6 5. Ba4 b5 6. Bb3 Nxe4 7. d4 Nxd4 8. Nxd4 exd4 9. Re1 Bb7 10. f3 c5 11. c4 Qh4 12. Bc2 Bd6 13. f4 Bxf4 14. g3 Bxg3 15. hxg3 Qxg3+ 16. Kh1 Qh4+ 17. Kg1 O-O 18. Qe2 Qg3+ 19. Qg2 Qxe1+ 20. Kh2 Qxc1 21. Bxe4 Qf4+ 0-1

[Event "Montcalm II 2000-01"]
[Site "Quebec CAN"]
[Date "2000.11.09"]
[Round "4"]
[White "Moisan, Francois"]
[Black "Hebert, Marc"]
[Result "1-0"]
[WhiteElo "1823"]
[BlackElo "1704"]
[PlyCount "27"]
[GameId "2160767911635880"]
[EventDate "2000.10.19"]
[EventType "swiss"]
[EventRounds "5"]
[EventCountry "CAN"]

1. e4 e5 2. Nf3 Nc6 3. d4 exd4 4. Bc4 Qf6 5. O-O d6 6. c3 Bg4 7. Qb3 O-O-O 8. Bg5 Qg6 9. Bxf7 Qxe4 10. Re1 Qd3 11. Bxd8 Kxd8 12. Qxb7 Bxf3 13. Qa8+ Kd7 14. Be8# 1-0

[Event "Montcalm II 2000-01"]
[Site "Quebec CAN"]
[Date "2000.11.09"]
[Round "4"]
[White "Plante, Bernard"]
[Black "Lapointe, Daniel"]
[Result "0-1"]
[WhiteElo "1359"]
[BlackElo "1326"]
[PlyCount "46"]
[GameId "2160767911635881"]
[EventDate "2000.10.19"]
[EventType "swiss"]
[EventRounds "5"]
[EventCountry "CAN"]

1. e4 e5 2. Nf3 Nc6 3. Bb5 Nf6 4. Qe2 d6 5. h3 Bd7 6. c3 Be7 7. O-O h6 8. d4 a6 9. Ba4 b5 10. Bb3 O-O 11. Nbd2 Nh7 12. Kh2 Kh8 13. Rg1 f5 14. Bc2 Qe8 15. Nf1 exd4 16. cxd4 fxe4 17. Bxe4 d5 18. Bd3 Bf5 19. Be3 Bxd3 20. Qxd3 Bd6+ 21. Kh1 Ne7 22. g4 Rxf3 23. Ng3 Qg6 0-1

[Event "Montcalm II 2000-01"]
[Site "Quebec CAN"]
[Date "2000.11.09"]
[Round "4"]
[White "Sauve, Richard"]
[Black "Audet-Bouchard, Nicolas"]
[Result "0-1"]
[WhiteElo "1848"]
[BlackElo "1839"]
[PlyCount "113"]
[GameId "2160767911644074"]
[EventDate "2000.10.19"]
[EventType "swiss"]
[EventRounds "5"]
[EventCountry "CAN"]

1. d4 Nf6 2. c4 e6 3. Nc3 Bb4 4. e3 b6 5. Nge2 Bb7 6. a3 Bxc3+ 7. Nxc3 O-O 8. Bd3 c5 9. d5 exd5 10. cxd5 d6 11. O-O Nbd7 12. e4 Ne5 13. Be2 a6 14. a4 Re8 15. Bg5 h6 16. Be3 Qc7 17. h3 c4 18. Bd4 Ned7 19. Qc2 Re7 20. f4 Rae8 21. Bf3 Nh7 22. Qf2 Nc5 23. Qg3 f5 24. exf5 Nb3 25. f6 Rf7 26. Rad1 Nxd4 27. Rxd4 Qc5 28. Qf2 Nxf6 29. Rfd1 Rfe7 30. Kh2 b5 31. axb5 axb5 32. Qc2 Re3 33. R1d2 Ba6 34. Ne4 Nxe4 35. Rxe4 R8xe4 36. Bxe4 Re1 37. Re2 Rxe2 38. Qxe2 Qd4 39. g3 Qf6 40. Bf3 Kf7 41. Bh5+ g6 42. Bg4 Bb7 43. Be6+ Kf8 44. Qd2 Ke7 45. h4 h5 46. Kh3 Ba8 47. Qe3 Kf8 48. Qb6 Bxd5 49. Qxd6+ Kg7 50. Qd7+ Kh6 51. Qxd5 Qxb2 52. Qg5+ Kg7 53. Qe7+ Kh6 54. Qf8+ Qg7 55. Qxg7+ Kxg7 56. g4 Kf6 57. f5 0-1

[Event "Montcalm II 2000-01"]
[Site "Quebec CAN"]
[Date "2000.11.16"]
[Round "5"]
[White "Auger, Bertrand"]
[Black "Boudreau, Daniel"]
[Result "1-0"]
[WhiteElo "1935"]
[BlackElo "2060"]
[PlyCount "63"]
[GameId "2160767911644075"]
[EventDate "2000.10.19"]
[EventType "swiss"]
[EventRounds "5"]
[EventCountry "CAN"]

1. Nf3 d5 2. b3 Nf6 3. g3 e6 4. Bg2 Be7 5. Bb2 O-O 6. O-O c5 7. c4 d4 8. b4 Nc6 9. b5 Na5 10. Qa4 Nd7 11. d3 a6 12. Na3 e5 13. Nd2 axb5 14. Nxb5 Ra6 15. Qc2 f5 16. Rae1 Rg6 17. e3 Nc6 18. exd4 exd4 19. Nf3 h5 20. Bc1 f4 21. Bxf4 Rxf4 22. gxf4 h4 23. Kh1 Nf6 24. Ng5 h3 25. Bf3 Bf5 26. Qe2 Bf8 27. Rg1 Nb4 28. Ne4 Rxg1+ 29. Rxg1 Nxe4 30. Bxe4 Qd7 31. a3 Bxe4+ 32. Qxe4 1-0

[Event "Montcalm II 2000-01"]
[Site "Quebec CAN"]
[Date "2000.11.16"]
[Round "5"]
[White "Hebert, Marc"]
[Black "Glode, Martin"]
[Result "0-1"]
[WhiteElo "1704"]
[BlackElo "1820"]
[PlyCount "50"]
[GameId "2160767911644076"]
[EventDate "2000.10.19"]
[EventType "swiss"]
[EventRounds "5"]
[EventCountry "CAN"]

1. e4 Nf6 2. e5 Nd5 3. d4 d6 4. c4 Nb6 5. exd6 exd6 6. Nf3 Be7 7. Be2 Bg4 8. Be3 Nc6 9. d5 Bxf3 10. Bxf3 Ne5 11. Be2 O-O 12. Nd2 Bf6 13. Qc2 g6 14. Ne4 Bg7 15. O-O Qd7 16. h3 Qe7 17. Rad1 Rae8 18. Bd4 Nexc4 19. Bxg7 Kxg7 20. Rd4 Ne5 21. f4 Ned7 22. Qxc7 f5 23. Qc3 fxe4 24. Rxe4+ Qf6 25. Rxe8 Rxe8 0-1

[Event "Montcalm II 2000-01"]
[Site "Quebec CAN"]
[Date "2000.11.16"]
[Round "5"]
[White "Martineau, Michel"]
[Black "Caire, Francois"]
[Result "0-1"]
[WhiteElo "1866"]
[BlackElo "1910"]
[PlyCount "60"]
[GameId "2160767911644077"]
[EventDate "2000.10.19"]
[EventType "swiss"]
[EventRounds "5"]
[EventCountry "CAN"]

1. f4 e5 2. fxe5 d6 3. Nf3 dxe5 4. Nxe5 Bd6 5. Nf3 Nf6 6. g3 Ng4 7. Bg2 h5 8. d4 h4 9. Qd3 hxg3 10. Qe4+ Kf8 11. hxg3 Bxg3+ 12. Kf1 Rxh1+ 13. Bxh1 Nf6 14. Qd3 Qd5 15. Bg5 Ne4 16. Nc3 Nxc3 17. bxc3 Bf5 18. Qe3 Nc6 19. Qg1 Bd6 20. Bg2 Qc4 21. Qh1 Kg8 22. Rb1 Bg3 23. Bd2 Bxc2 24. Rc1 Re8 25. Ne5 Nxe5 26. Bd5 Qa6 27. dxe5 Rxe5 28. Qf3 Rf5 29. Rxc2 Rxf3+ 30. Bxf3 Qb6 0-1

[Event "Montcalm II 2000-01"]
[Site "Quebec CAN"]
[Date "2000.11.16"]
[Round "5"]
[White "Sylvain, Gabriel"]
[Black "Bourassa, Andre"]
[Result "0-1"]
[WhiteElo "1594"]
[BlackElo "1580"]
[PlyCount "62"]
[GameId "2160767911644078"]
[EventDate "2000.10.19"]
[EventType "swiss"]
[EventRounds "5"]
[EventCountry "CAN"]
[SourceTitle "EXT 2009"]
[Source "ChessBase"]
[SourceDate "2008.11.26"]
[SourceVersion "1"]
[SourceVersionDate "2008.11.26"]
[SourceQuality "1"]

1. e4 c5 2. d4 cxd4 3. c3 dxc3 4. Nxc3 e6 5. Bc4 a6 6. Nf3 Qc7 7. Qe2 Nc6 8. O-O b5 9. Bb3 Bb7 10. Rd1 Bc5 11. Be3 Bxe3 12. Qxe3 Nge7 13. Rd2 Rd8 14. Rad1 O-O 15. h3 Na5 16. Nd4 Ng6 17. g3 Nxb3 18. Nxb3 f5 19. exf5 Rxf5 20. Nd4 Re5 21. Qd3 Rh5 22. Kh2 Ne5 23. Qe2 Rh6 24. f4 Nc4 25. Rc2 e5 26. Ndxb5 Qb6 27. Qxc4+ Kh8 28. Na3 Rxh3+ 29. Kxh3 Qh6+ 30. Kg4 Qg6+ 31. Kh3 Qh5# 0-1

[Event "Montcalm III 1999-2000"]
[Site "Quebec CAN"]
[Date "2000.01.06"]
[Round "1"]
[White "Dion, Jean-Francois"]
[Black "Auger, Bertrand"]
[Result "0-1"]
[WhiteElo "1753"]
[BlackElo "2043"]
[PlyCount "84"]
[GameId "2160767911741546"]
[EventDate "2000.01.06"]
[EventType "swiss"]
[EventRounds "4"]
[EventCountry "CAN"]

1. d4 e6 2. Nf3 Nf6 3. Bf4 b6 4. Nbd2 Bb7 5. h3 Be7 6. e3 O-O 7. Bd3 d5 8. O-O c5 9. c3 Nbd7 10. a4 a6 11. Re1 Ne4 12. Qc2 f5 13. Ne5 c4 14. Be2 Nxe5 15. Bxe5 b5 16. Nxe4 dxe4 17. b3 cxb3 18. Qxb3 Bd5 19. c4 bxc4 20. Bxc4 Rc8 21. Rec1 Qd7 22. Rc2 Rc6 23. Rac1 Rfc8 24. Bxd5 exd5 25. Rxc6 Rxc6 26. Qb8+ Kf7 27. Rb1 Rc8 28. Rb7 Rxb8 29. Rxd7 Ke6 30. Ra7 Rb6 31. Bc7 Rc6 32. a5 Rc1+ 33. Kh2 Rxc7 34. Rxa6+ Bd6+ 35. g3 g5 36. Ra8 Rb7 37. a6 Rb8 38. Ra7 h5 39. Kg2 f4 40. gxf4 gxf4 41. Kf1 Rb1+ 42. Ke2 Bb4 0-1

[Event "Montcalm III 1999-2000"]
[Site "Quebec CAN"]
[Date "2000.01.13"]
[Round "1"]
[White "Perreault, Jacquelin"]
[Black "Beaudry, Marc-Andre"]
[Result "0-1"]
[WhiteElo "1729"]
[BlackElo "2016"]
[PlyCount "120"]
[GameId "2160767911741547"]
[EventDate "2000.01.06"]
[EventType "swiss"]
[EventRounds "4"]
[EventCountry "CAN"]
[SourceTitle "mab"]

1. e4 e6 2. d4 d5 3. Nd2 Nf6 4. e5 Nfd7 5. Bd3 c5 6. c3 Nc6 7. Ne2 cxd4 8. cxd4 f6 9. Nf4 Nxd4 10. Qh5+ Ke7 11. Ng6+ hxg6 12. exf6+ Kxf6 13. Qxh8 Kf7 14. O-O Nc5 15. Bb1 e5 16. Nb3 Ncxb3 17. axb3 Qf6 18. Be3 Ne2+ 19. Kh1 d4 20. Bd3 Nf4 21. Bxf4 Qxf4 22. Rac1 Bf5 23. Bxf5 gxf5 24. Qh5+ g6 25. Qf3 Qxf3 26. gxf3 Bd6 27. Rfe1 Rh8 28. Kg2 g5 29. h3 Ke6 30. Rc4 Rh4 31. Rd1 g4 32. hxg4 fxg4 33. Kg3 Rh3+ 34. Kxg4 Rh8 35. f4 Rg8+ 36. Kf3 Rf8 37. Ke2 Rxf4 38. Rh1 Rf7 39. Rh8 Kd5 40. Rcc8 d3+ 41. Kxd3 Rxf2 42. Rcd8 Rxb2 43. Kc3 Ra2 44. Rh6 Ra6 45. Rh7 b5 46. Rhd7 Rc6+ 47. Kb2 a5 48. Rb7 Rc5 49. Ra7 b4 50. Rh8 e4 51. Rha8 Be5+ 52. Kb1 e3 53. Rxa5 e2 54. Rxc5+ Kxc5 55. Rc8+ Kd5 56. Rc1 Bc3 57. Kc2 e1=Q 58. Rxe1 Bxe1 59. Kd3 Bf2 60. Ke2 Kd4 0-1

[Event "Montcalm III 1999-2000"]
[Site "Quebec CAN"]
[Date "2000.01.13"]
[Round "2"]
[White "Auger, Bertrand"]
[Black "Martineau, Michel"]
[Result "1/2-1/2"]
[WhiteElo "2043"]
[BlackElo "1950"]
[PlyCount "90"]
[GameId "2160767911741548"]
[EventDate "2000.01.06"]
[EventType "swiss"]
[EventRounds "4"]
[EventCountry "CAN"]

1. d4 g6 2. g3 Bg7 3. Nf3 d6 4. Bg2 e5 5. dxe5 dxe5 6. Qxd8+ Kxd8 7. Bg5+ f6 8. Be3 c6 9. Nc3 Nh6 10. O-O-O+ Kc7 11. Bc5 Nf7 12. Ne4 Be6 13. Be7 Nd7 14. Rd2 Rhe8 15. Ba3 Nb6 16. Nd6 Red8 17. Rhd1 Nc4 18. Nxc4 Bxc4 19. b3 Rxd2 20. Rxd2 Bd5 21. c4 Be6 22. Ne1 Rd8 23. Nd3 Bh6 24. e3 Bf5 25. Bf1 Nd6 26. Nc5 Ne4 27. Nxe4 Bxe4 28. Be7 Rxd2 29. Kxd2 Bg7 30. c5 Kd7 31. Bd6 Bd5 32. Be2 e4 33. Bd1 f5 34. Kc2 Bf6 35. a3 Bd8 36. Be5 Be7 37. b4 Ke6 38. Bd4 Bc4 39. Kc3 Bd5 40. Be2 Bd8 41. Bg7 Bc7 42. Bd4 g5 43. Bd1 Ke7 44. Bh8 Bf7 45. Kd4 g4 1/2-1/2

[Event "Montcalm III 1999-2000"]
[Site "Quebec CAN"]
[Date "2000.01.20"]
[Round "2"]
[White "Beaudry, Marc-Andre"]
[Black "Moisan, Francois"]
[Result "1-0"]
[WhiteElo "2016"]
[BlackElo "1765"]
[PlyCount "99"]
[GameId "2160767911741549"]
[EventDate "2000.01.06"]
[EventType "swiss"]
[EventRounds "4"]
[EventCountry "CAN"]

1. c4 Nf6 2. Nc3 g6 3. e4 d6 4. d4 Bg7 5. f3 O-O 6. Be3 e5 7. d5 a5 8. c5 Ne8 9. Bb5 f5 10. Nge2 Rf7 11. Qa4 Nf6 12. cxd6 cxd6 13. h3 Bd7 14. g4 fxe4 15. fxe4 Na6 16. O-O-O Rc8 17. Bxd7 Nxd7 18. Kb1 Ndc5 19. Qc2 Nb4 20. Qd2 Nbd3 21. Nc1 Nb4 22. g5 b5 23. Bxc5 Rxc5 24. h4 Rfc7 25. Nb3 Rc4 26. Nxb5 Rc2 27. Qe3 R7c5 28. Nxc5 Rxc5 29. Na3 Qb6 30. Qd2 a4 31. Rc1 Na6 32. Rxc5 Nxc5 33. Qc2 Qb4 34. Nc4 Bf8 35. Rf1 Nd7 36. Qc3 Qb5 37. Nd2 Nc5 38. Qc4 Qxc4 39. Nxc4 Nxe4 40. Re1 Nc5 41. Kc2 Kf7 42. b3 axb3+ 43. axb3 Ke7 44. b4 Nd7 45. Kd3 h6 46. Ra1 Kd8 47. Ra8+ Kc7 48. Re8 hxg5 49. hxg5 Kb7 50. Re6 1-0

[Event "Montcalm III 1999-2000"]
[Site "Quebec CAN"]
[Date "2000.01.20"]
[Round "3"]
[White "Trottier, Hugo"]
[Black "Auger, Bertrand"]
[Result "0-1"]
[WhiteElo "1741"]
[BlackElo "2043"]
[PlyCount "66"]
[GameId "2160767911741550"]
[EventDate "2000.01.06"]
[EventType "swiss"]
[EventRounds "4"]
[EventCountry "CAN"]

1. e4 e6 2. d3 d5 3. Nd2 Nf6 4. Ngf3 b6 5. g3 dxe4 6. dxe4 Bb7 7. Qe2 Nc6 8. c3 a5 9. Bg2 Ba6 10. Nc4 Bc5 11. O-O O-O 12. Bg5 h6 13. Rfd1 Qe7 14. Bxf6 Qxf6 15. e5 Qe7 16. Qe4 Bb7 17. Ne3 Rab8 18. Qd3 Rbd8 19. Qe2 Nb8 20. Nc2 a4 21. b4 axb3 22. axb3 Ba6 23. Qe1 b5 24. Ncd4 Bb6 25. Bf1 Bb7 26. Bxb5 c5 27. Nxe6 fxe6 28. Nd2 c4 29. Nxc4 Bxf2+ 30. Qxf2 Rxf2 31. Rxd8+ Qxd8 32. Kxf2 Qd5 33. Ba4 Qf3+ 0-1

[Event "Montcalm III 1999-2000"]
[Site "Quebec CAN"]
[Date "2000.01.27"]
[Round "3"]
[White "Pouliot, Lewis"]
[Black "Beaudry, Marc-Andre"]
[Result "0-1"]
[WhiteElo "1564"]
[BlackElo "2016"]
[PlyCount "59"]
[GameId "2160767911741551"]
[EventDate "2000.01.06"]
[EventType "swiss"]
[EventRounds "4"]
[EventCountry "CAN"]
[SourceTitle "mab"]

1. d4 Nf6 2. c4 g6 3. Nc3 d5 4. Nf3 Bg7 5. Bg5 Ne4 6. Qc2 Nxg5 7. Nxg5 e5 8. Nf3 exd4 9. Nxd5 O-O 10. Rd1 c6 11. Nf4 Qa5+ 12. Qd2 Qxa2 13. Nxd4 Rd8 14. e3 c5 15. b3 Qxd2+ 16. Rxd2 cxd4 17. Nd5 Nc6 18. e4 Be6 19. f4 Bxd5 20. cxd5 Nb4 21. Bc4 a6 22. O-O b5 23. Be2 Rac8 24. g4 g5 25. f5 Be5 26. f6 Bf4 27. Rdd1 Rc2 28. Rxf4 gxf4 29. Kf1 Nxd5 30. Rxd4 0-1

[Event "Montcalm III 1999-2000"]
[Site "Quebec CAN"]
[Date "2000.01.27"]
[Round "4"]
[White "Auger, Bertrand"]
[Black "Sauve, Richard"]
[Result "1-0"]
[WhiteElo "2043"]
[BlackElo "1916"]
[PlyCount "103"]
[GameId "2160767911741552"]
[EventDate "2000.01.06"]
[EventType "swiss"]
[EventRounds "4"]
[EventCountry "CAN"]

1. Nf3 f5 2. b4 Nf6 3. Bb2 e6 4. a3 d5 5. g3 c6 6. Bg2 a5 7. c3 Bd6 8. d4 O-O 9. O-O Bd7 10. Nbd2 b5 11. Qc2 a4 12. Ne1 g5 13. Nd3 Be8 14. Nc5 Qe7 15. Rae1 Bg6 16. Qc1 g4 17. f3 Ra7 18. Bh1 Nbd7 19. e4 gxf3 20. exd5 Bxc5 21. Rxe6 Qf7 22. bxc5 cxd5 23. Re3 f2+ 24. Kg2 f4 25. gxf4 Ng4 26. Rg3 Qxf4 27. Nf3 Ne3+ 28. Kxf2 Nxf1 29. Qxf4 Rxf4 30. Kxf1 Nf6 31. Bc1 Rf5 32. Rg5 Ne4 33. Rxf5 Bxf5 34. Bd2 Rf7 35. Ke1 Bh3 36. Be3 Kg7 37. Bd2 h6 38. Be3 Nxc3 39. Ng1 Rf1+ 40. Kd2 Nb1+ 41. Ke2 Nc3+ 42. Kd2 Nd1 43. Nxh3 Nxe3 44. Kxe3 Rxh1 45. Nf4 Rxh2 46. Nxd5 Rh3+ 47. Kd2 Kf7 48. Nb6 Ke8 49. d5 Rxa3 50. c6 b4 51. c7 Rc3 52. d6 1-0

[Event "Montcalm III 1999-2000"]
[Site "Quebec CAN"]
[Date "2000.02.03"]
[Round "4"]
[White "Beaudry, Marc-Andre"]
[Black "Angers, Gilles"]
[Result "1-0"]
[WhiteElo "2016"]
[BlackElo "2032"]
[PlyCount "43"]
[GameId "2160767739706455"]
[EventDate "2000.01.06"]
[EventType "swiss"]
[EventRounds "4"]
[EventCountry "CAN"]

1. c4 e5 2. Nc3 Nc6 3. Nf3 f5 4. d4 e4 5. Ng5 Nh6 6. e3 b6 7. Nh3 g5 8. f3 exf3 9. Qxf3 d6 10. Nf2 Bg7 11. Bd3 Ng4 12. Qe2 Qe7 13. O-O Bd7 14. Nh1 O-O-O 15. Ng3 f4 16. Rxf4 h5 17. Bd2 Nf6 18. Nf5 Bxf5 19. Rxf5 Rde8 20. Re1 Rhf8 21. Nd5 Nxd5 22. Rxd5 {...} 1-0